| 000 | 00713cab a2200217 4500 | ||
|---|---|---|---|
| 001 | ABS43612 | ||
| 008 | 090401t1990 xxu||||| |||| 00| 0 eng d | ||
| 035 | _a(Sirsi) u42552 | ||
| 041 | _aeng | ||
| 100 | _aLloyd, H. | ||
| 245 | _aRock-steady precedent sunk by justice in North Sea storm | ||
| 260 | _c1990 | ||
| 350 | _a0 | ||
| 490 |
_aBuilding _v255 (7672) 9 November 1990, 41 (1) |
||
| 520 | _aDiscusses McAlpine Humberoak v McDermott International concerning lump sum contracts referring to Bush v Whitehaven (1888 52JP392). | ||
| 650 | _aDAVIS CONTRACTORS LTD V FAREHAM UDC | ||
| 650 | _aQUANTUM MERUIT | ||
| 690 | _aBUILT ENVIRONMENT-BUILDING CONTRACT FORMS | ||
| 942 | _n0 | ||
| 948 | _c04/03/1997 | ||
| 999 |
_c27240 _d27240 |
||